| 000 | 00807nam a2200229 a 4500 | ||
|---|---|---|---|
| 001 | 41327 | ||
| 003 | BD-RjUL | ||
| 005 | 20211209053351.0 | ||
| 008 | 160529s2001 ii ||||| |||| 00| 0 ben d | ||
| 020 | _c: IRs 150.00 | ||
| 035 | _a(BD-RjUL)41444 | ||
| 040 |
_aBD-RjUL _bben _cBD-RjUL |
||
| 041 | _aben | ||
| 082 |
_223 _a294.5 _bPAR 2001 |
||
| 100 |
_aপাল, নিমাইচন্দ্র _9126918 |
||
| 245 | 1 | 0 |
_aরবীন্দ্রচেতনায় নটরাজ / _cনিমাইচন্দ্র পাল |
| 260 |
_aকলকাতা : _bরত্নাবলী, _c২০০১ |
||
| 300 |
_a[১০], ৩২৮ পৃ. ; _c২১ সেমি. |
||
| 650 |
_aহিন্দুত্ত্ববাদ _9121504 |
||
| 650 |
_aHinduism _9127107 |
||
| 942 |
_2ddc _cBK |
||
| 999 |
_c41327 _d41327 |
||